000 00255nam a22001097a 4500
008 170111b xxu||||| |||| 00| 0 eng d
020 _a9780131889385
041 _aeng
080 _28TH
_a618.2
245 _aFUNDAMENTALS OF NURSING
_cBERMAN
942 _2udc
_cBK
999 _c2714
_d2714